1125 1947 1123 1726 1013 1190 1450 1894 1879 1115 1789 1357 1112 1665 1534 1650 1228 1711 1301 1659 1420 1327 1613 1143 1906 1262 1936 1868 1836 1462 1992 1028 1708 1570 1176 1325 1077 1466 1872 1183 1869 1471 1065 1851 1872 1271 1424 1082 1039 1141 1882 1812 1118 1650 1888 1767 1278 1561 1577 1245 1725 1311 1816 1281 1047 1071 1890 1888 1162 1998 1370 1807 1001 1993 1779 1026 1753 1652 1731 1425 1357 1707 1381 1254 1132 1593 1016 1151 1767 1596 1381 1049 1960 1704 1635 1469 1626 1238 1771 BCNSPRNW ULIB Ver.6.0+V

เปลี่ยนเป็นภาษาไทย

Change to English
 แสดงรายละเอียดบรรณานุกรม
  กลับหน้าหลัก

Brief Record : Get Marc (ISO 2709) : E-mail record : QR code < ปิดหน้าต่าง
LEADER : 00000nam 2200000uu 4500
001    13399114592
003     ULIB
008    120418s2552||||th 000 0 tha d
020    ^a9786115520251
090    ^aรส.^bG111ว 2552
100 0  ^aMoon Gye-joo
245 00 ^aวรรณกรรมอมตะระดับโลก เจ้าชายน้อย/^cMoon Gye-joo
250    ^aพิมพ์ครั้งที่ ?
260    ^aกรุงเทพฯ :^bBook wave
300    ^a220 หน้า
710 1  ^abook wave
945    ^p179^l0^i15779
995    ^aกัณชพร
999    ^aใช้งานได้ทุกระบบ
รายการนี้ยังไม่มีแท็ก
คุณยังไม่ได้ล็อกอิน คุณสามารถมีกิจกรรมร่วมกับเว็บไซต์ได้ แต่ต้องล็อกอินก่อน ::
  ล็อกอิน

รายการสื่อสารสนเทศ

ลำดับที่ ประเภท เลขเรียก/บาร์โค้ด สถานที่ สถานะ
1. วิทยาศาสตร์การแพทย์ และสุขภาพ
วิทยาศาสตร์การแพทย์ และสุขภาพ
รส. G111ว 2552  
  Barcode: 15779
ห้องสมุดวิทยาเขตสวรรค์ประชารักษ์
►นวนิยาย
บนชั้น
  ขอยืม

BibComment


ยังไม่เคยถูกคอมเมนท์

คอมเมนท์ทรัพยากรรายการนี้
  คอมเมนท์: วรรณกรรมอมตะระดั..


 Copyright 2026. Bcnsprnw @Library